| 000 | 01054cab a2200313 4500 | ||
|---|---|---|---|
| 001 | ABS56348 | ||
| 008 | 090401t1997 xxu||||| |||| 00| 0 eng d | ||
| 035 | _a(Sirsi) u23033 | ||
| 041 | _aeng | ||
| 100 | _aHenderson, C | ||
| 245 | 4 | _aThe other big issue | |
| 260 | _c1997 | ||
| 350 | _a0 | ||
| 490 |
_aNew Scientist _v153(2063) 4 January 1997, 12-13(2) |
||
| 520 | _aDiscusses the implications of the DoE forecast that 4.4m new households will exist by 2016. Government wants at least 60 per cent of these to be built on derelict or polluted sites in urban areas. Problems may be caused by varying standards of clean-up on contaminated land. | ||
| 650 | _aCONTAMINATED LAND | ||
| 650 | _aDERELICT SITES | ||
| 650 | _aHOUSE BUILDING | ||
| 650 | _aHOUSEHOLD PROJECTIONS | ||
| 650 | _aNEW HOMES | ||
| 650 | _aPLANNING ISSUES | ||
| 650 | _aRECLAIMED LAND | ||
| 650 | _aREDUNDANT INDUSTRIAL LAND | ||
| 650 | _aURBAN AREAS | ||
| 690 | _aENVIRONMENTAL AND LAND CONSULTANCY | ||
| 690 | _aHOUSING | ||
| 942 | _n0 | ||
| 948 | _c04/03/1997 | ||
| 999 |
_c15436 _d15436 |
||